000 00236nam a2200109Ia 4500
008 190216s9999||||xx |||||||||||||| ||und||
100 _aSarah Thomas
245 0 _aDaiva Makkal
260 _bNbs Kottayam
650 _aNovel
942 _cBK
999 _c26130
_d26130